[Event "4NCL Division 1d"]
[Site "Telford, ENG"]
[Date "2019.03.17"]
[Round "8.52"]
[White "Greet, Andrew N"]
[Black "Ghasi, Ameet K"]
[Result "1/2-1/2"]
[WhiteElo "2420"]
[BlackElo "2507"]
[PlyCount "138"]
[EventDate "2019.03.17"]
[WhiteTeam "Alba"]
[BlackTeam "Grantham Sharks 1"]

1. d4 Nf6 2. c4 g6 3. g3 Bg7 4. Bg2 O-O 5. Nc3 d6 6. Nf3 c6 7. O-O Bf5 8. Ne1
Be6 9. b3 d5 10. cxd5 Nxd5 11. Bb2 Nxc3 12. Bxc3 Na6 13. e3 Bd5 14. e4 Be6 15.
Nc2 Nc7 16. Rc1 Qd7 17. Qd2 Bh3 18. Bxh3 Qxh3 19. d5 Bxc3 20. Qxc3 Rac8 21.
dxc6 Ne6 22. Nd4 bxc6 23. Nxe6 Qxe6 24. Qe3 Rfd8 25. Rc4 Rc7 26. Kg2 Rd6 27.
Rfc1 h5 28. h4 Qd7 29. Ra4 Rd3 30. Qf4 Rc8 31. Rac4 Rd2 32. R4c2 Rd4 33. Qe5
Rd6 34. Rc4 Rd2 35. a4 Rd6 36. b4 Re6 37. Qc3 Rb8 38. Rd4 Rd6 39. Rcd1 Qe6 40.
Qc5 Rbd8 41. Qxa7 Qe5 42. Rxd6 Qxe4+ 43. f3 Qe2+ 44. Qf2 Qxf2+ 45. Kxf2 exd6
46. a5 Kg7 47. Rc1 Rb8 48. Rxc6 Rxb4 49. Rxd6 Ra4 50. a6 Ra3 51. Ke2 Kh6 52.
Rc6 Kg7 53. Kd2 Rxf3 54. a7 Ra3 55. Rc7 Kf6 56. Kc2 Kf5 57. Kb2 Ra6 58. Rxf7+
Kg4 59. Rg7 Kh3 60. Kc3 Ra1 61. Kc4 Kxg3 62. Rxg6+ Kxh4 63. Rg7 Kh3 64. Kb5 h4
65. Kb6 Rb1+ 66. Kc7 Ra1 67. Kb8 Kh2 68. a8=Q Ra4 69. Qa7 Rxa7 1/2-1/2

[Event "4NCL Division 1d"]
[Site "Telford, ENG"]
[Date "2019.03.17"]
[Round "8.53"]
[White "Rendle, Thomas E"]
[Black "Morrison, Graham"]
[Result "1/2-1/2"]
[WhiteElo "2374"]
[BlackElo "2274"]
[PlyCount "53"]
[EventDate "2019.03.17"]
[WhiteTeam "Grantham Sharks 1"]
[BlackTeam "Alba"]

1. e4 c5 2. Nf3 e6 3. b3 a6 4. Bb2 Nc6 5. Bd3 Nf6 6. e5 Nd5 7. Be4 d6 8. O-O
Nxe5 9. Nxe5 dxe5 10. Bxe5 Nf6 11. Bf3 Bd6 12. d4 Qc7 13. Bxd6 Qxd6 14. dxc5
Qxc5 15. c4 Rb8 16. Nc3 Bd7 17. Rc1 O-O 18. Qd2 Bc6 19. Bxc6 Qxc6 20. Rfd1 h6
21. h3 Qc7 22. Qd6 Rbc8 23. a4 Qxd6 24. Rxd6 Rfd8 25. Rcd1 Rxd6 26. Rxd6 Kf8
27. Kf1 1/2-1/2

[Event "4NCL Division 1d"]
[Site "Telford, ENG"]
[Date "2019.03.17"]
[Round "8.54"]
[White "Berry, Neil"]
[Black "Batchelor, Peter J"]
[Result "1/2-1/2"]
[WhiteElo "2271"]
[BlackElo "2310"]
[PlyCount "54"]
[EventDate "2019.03.17"]
[WhiteTeam "Alba"]
[BlackTeam "Grantham Sharks 1"]

1. d4 Nf6 2. c4 e6 3. Nf3 d5 4. g3 dxc4 5. Bg2 Bd7 6. Ne5 Bc6 7. Nxc6 Nxc6 8.
O-O Qd7 9. e3 O-O-O 10. Nd2 e5 11. Nxc4 exd4 12. Qa4 Nd5 13. exd4 Kb8 14. Be3
h5 15. Rad1 h4 16. Ne5 Nxe5 17. Qb5 Qc6 18. Qxc6 Nd7 19. Qa4 Ne5 20. Qd7 Nxd7
21. Bxd5 hxg3 22. hxg3 f6 23. Bf3 Nb6 24. d5 Nc4 25. Bd4 Bd6 26. b3 Ne5 27.
Bxe5 Bxe5 1/2-1/2

[Event "4NCL Division 1d"]
[Site "Telford, ENG"]
[Date "2019.03.17"]
[Round "8.55"]
[White "Holland, James P"]
[Black "McKay, Roderick M"]
[Result "1-0"]
[WhiteElo "2269"]
[BlackElo "2307"]
[PlyCount "59"]
[EventDate "2019.03.17"]
[WhiteTeam "Grantham Sharks 1"]
[BlackTeam "Alba"]

1. e4 c5 2. Nf3 e6 3. g3 Nc6 4. Bg2 g6 5. d4 cxd4 6. Nxd4 a6 7. Nc3 Bg7 8. Be3
Nge7 9. Nxc6 bxc6 10. Qd6 Bb7 11. Qb4 Qc7 12. Bb6 Qb8 13. Bc5 a5 14. Qa3 Nc8
15. O-O-O Ba6 16. e5 Nb6 17. f4 Nc4 18. Qb3 Qc8 19. Ne4 Rb8 20. Qd3 d5 21. b3
dxe4 22. Qxe4 Nxe5 23. fxe5 Bb7 24. Rhf1 Bf8 25. Qf4 Qc7 26. Rd6 h5 27. Rxe6+
fxe6 28. Qxf8+ Rxf8 29. Rxf8+ Kd7 30. Rf7+ 1-0

[Event "4NCL Division 1d"]
[Site "Telford, ENG"]
[Date "2019.03.17"]
[Round "8.56"]
[White "Gourlay, Iain"]
[Black "Makkar, Rajat"]
[Result "1-0"]
[WhiteElo "2346"]
[BlackElo "2139"]
[PlyCount "61"]
[EventDate "2019.03.17"]
[WhiteTeam "Alba"]
[BlackTeam "Grantham Sharks 1"]

1. Nf3 Nf6 2. g3 c5 3. Bg2 Nc6 4. O-O e5 5. e4 Nxe4 6. Nxe5 Nxe5 7. Bxe4 d5 8.
Bg2 Nc6 9. Qh5 Be6 10. Re1 Be7 11. Rxe6 g6 12. Rxe7+ Qxe7 13. Qd1 O-O-O 14. d3
Rhe8 15. Bd2 Qe2 16. Nc3 Qxd1+ 17. Rxd1 Nd4 18. Nxd5 Re5 19. Ne3 f5 20. c3 Nc6
21. Nc4 Re2 22. Bg5 Rd7 23. Be3 Rc2 24. Bxc6 bxc6 25. Kf1 Rd5 26. Bc1 f4 27.
gxf4 Rxc1 28. Rxc1 Rxd3 29. Kg2 h5 30. Re1 Rd5 31. Re5 1-0

[Event "4NCL Division 1d"]
[Site "Telford, ENG"]
[Date "2019.03.17"]
[Round "8.57"]
[White "Head, Louise"]
[Black "Findlay, David John"]
[Result "1-0"]
[WhiteElo "2207"]
[BlackElo "2170"]
[PlyCount "111"]
[EventDate "2019.03.17"]
[WhiteTeam "Grantham Sharks 1"]
[BlackTeam "Alba"]

1. d4 d5 2. c4 e6 3. Nc3 c5 4. cxd5 exd5 5. Nf3 Nc6 6. g3 Nf6 7. Bg2 Be7 8. O-O
O-O 9. b3 Re8 10. Bb2 Bg4 11. dxc5 Bxc5 12. Rc1 Bf8 13. h3 Bf5 14. Nd4 Qd7 15.
Nxf5 Qxf5 16. Nb5 Rac8 17. e3 Ne4 18. g4 Qe6 19. Nd4 Nxd4 20. Qxd4 h5 21. gxh5
Rxc1 22. Bxc1 Bc5 23. Qd1 d4 24. exd4 Nc3 25. Qg4 Bxd4 26. Bf3 Qxg4+ 27. hxg4
Ne2+ 28. Kg2 Nxc1 29. Rxc1 Re7 30. Rc4 Bb6 31. Be4 Rc7 32. Rxc7 Bxc7 33. Bxb7
Kh7 34. Bd5 f5 35. gxf5 Kh6 36. Bf7 Kg5 37. Bg6 Bd6 38. Kf3 Bc5 39. Ke2 Ba3 40.
Kd3 Bc5 41. f3 Kf4 42. f6 gxf6 43. h6 Bf8 44. h7 Bg7 45. Be4 Ke5 46. Kc4 f5 47.
Bd5 Kd6 48. b4 f4 49. Be4 Be5 50. Kb5 Bd4 51. Ka6 Kc7 52. a4 Kb8 53. b5 Be5 54.
a5 Bd4 55. b6 axb6 56. axb6 1-0

[Event "4NCL Division 1d"]
[Site "Telford, ENG"]
[Date "2019.03.17"]
[Round "8.58"]
[White "Roy, Ali"]
[Black "Bremner, Adam"]
[Result "0-1"]
[WhiteElo "1892"]
[BlackElo "2184"]
[PlyCount "76"]
[EventDate "2019.03.17"]
[WhiteTeam "Alba"]
[BlackTeam "Grantham Sharks 1"]

1. Nf3 d5 2. g3 c6 3. Bg2 Bg4 4. O-O e6 5. d3 Bd6 6. c4 Nd7 7. Nc3 Ne7 8. b3
O-O 9. Bb2 a6 10. d4 Bxf3 11. Bxf3 f5 12. e3 g5 13. Bg2 g4 14. Ne2 Ng6 15. Nf4
Qe7 16. f3 Nf6 17. fxg4 Nxg4 18. Qe2 Rae8 19. a3 Qg5 20. Rae1 Nf6 21. b4 Rf7
22. c5 Bb8 23. Bc1 Rg7 24. Nh3 Qg4 25. Qxg4 Nxg4 26. Nf4 Nf6 27. a4 h5 28. Rf2
h4 29. gxh4 Nxh4 30. Kh1 Kf7 31. Bf3 Rh8 32. Rg1 Rgh7 33. Bd1 Ne4 34. Rb2 Nc3
35. Bh5+ Rxh5 36. Nxh5 Rxh5 37. a5 Nf3 38. Rgg2 Ne4 0-1

[Event "4NCL Division 1d"]
[Site "Telford, ENG"]
[Date "2019.03.17"]
[Round "8.61"]
[White "Weaving, Richard"]
[Black "Ferrington, Nigel M"]
[Result "1-0"]
[WhiteElo "2323"]
[BlackElo "2215"]
[PlyCount "57"]
[EventDate "2019.03.17"]
[WhiteTeam "Wood Green Monarchs"]
[BlackTeam "North East England"]

1. e4 e5 2. Nf3 Nc6 3. Bb5 a6 4. Ba4 Nf6 5. Qe2 b5 6. Bb3 Be7 7. c3 O-O 8. O-O
d5 9. d3 Bb7 10. Re1 Re8 11. Nbd2 Bf8 12. a3 h6 13. exd5 Na5 14. Bc2 Qxd5 15.
b4 Nc6 16. Bb3 Qd7 17. Ne4 Nxe4 18. dxe4 Bd6 19. Nh4 Bc8 20. Qh5 Nd8 21. Nf5
Ne6 22. Bxh6 gxh6 23. Nxh6+ Kf8 24. Nf5 Kg8 25. Re3 Bf8 26. Rh3 Bg7 27. Qh7+
Kf8 28. Qh8+ Bxh8 29. Rxh8# 1-0

[Event "4NCL Division 1d"]
[Site "Telford, ENG"]
[Date "2019.03.17"]
[Round "8.62"]
[White "Coathup, Roger H"]
[Black "Sygnowski, Tomasz"]
[Result "0-1"]
[WhiteElo "2207"]
[BlackElo "2237"]
[PlyCount "56"]
[EventDate "2019.03.17"]
[WhiteTeam "North East England"]
[BlackTeam "Wood Green Monarchs"]

1. d4 Nf6 2. c4 e6 3. Nc3 d5 4. cxd5 exd5 5. Bg5 Be7 6. e3 O-O 7. Bd3 Nbd7 8.
Nge2 Re8 9. O-O Nf8 10. b4 h6 11. Bxf6 Bxf6 12. Qb3 Be6 13. b5 Qd6 14. Nf4 Bxd4
15. exd4 Qxf4 16. Ne2 Qd6 17. Rfc1 Bg4 18. Ng3 Ne6 19. Qc3 Nf4 20. Bf1 Rac8 21.
Qa5 h5 22. f3 h4 23. Nh1 Bxf3 24. gxf3 Ne2+ 25. Bxe2 Rxe2 26. Nf2 Rxf2 27. Kxf2
Qxh2+ 28. Kf1 h3 0-1

[Event "4NCL Division 1d"]
[Site "Telford, ENG"]
[Date "2019.03.17"]
[Round "8.63"]
[White "Fitzsimons, David"]
[Black "Taylor, Adam A"]
[Result "0-1"]
[WhiteElo "2304"]
[BlackElo "2252"]
[PlyCount "72"]
[EventDate "2019.03.17"]
[WhiteTeam "Wood Green Monarchs"]
[BlackTeam "North East England"]

1. e4 c5 2. Nf3 Nc6 3. Bb5 g6 4. Bxc6 dxc6 5. d3 Qc7 6. h3 Bg7 7. O-O e5 8. Be3
b6 9. Nbd2 Nf6 10. Nc4 Nd7 11. Qd2 Ba6 12. Qc3 O-O 13. a3 Rfd8 14. b4 cxb4 15.
axb4 Bxc4 16. Qxc4 Nf8 17. Ra6 Rab8 18. Rfa1 Rb7 19. R1a3 Ne6 20. Rc3 Rd6 21.
b5 cxb5 22. Qb4 Rc6 23. Rxc6 Qxc6 24. Qb2 Nc5 25. Bxc5 Qxc5 26. Qa2 h6 27. Nd2
Bf6 28. c4 b4 29. Nf1 Qd4 30. Qb3 Bg5 31. h4 Bxh4 32. Ne3 Rd7 33. Ra2 Qxd3 34.
Qxb4 Qxe4 35. Qb5 Rd8 36. Rxa7 Bxf2+ 0-1

[Event "4NCL Division 1d"]
[Site "Telford, ENG"]
[Date "2019.03.17"]
[Round "8.64"]
[White "Oyama, Akito"]
[Black "Stewart, Ashley"]
[Result "1/2-1/2"]
[WhiteElo "2206"]
[BlackElo "2237"]
[PlyCount "155"]
[EventDate "2019.03.17"]
[WhiteTeam "North East England"]
[BlackTeam "Wood Green Monarchs"]

1. e4 c5 2. Nc3 g6 3. f4 Bg7 4. Nf3 Nc6 5. Bb5 Nd4 6. Bc4 e6 7. e5 d5 8. Nxd4
cxd4 9. Bb5+ Bd7 10. Bxd7+ Qxd7 11. Ne2 f6 12. Nxd4 fxe5 13. fxe5 Bxe5 14. Nf3
Bg7 15. O-O Nf6 16. d4 O-O 17. Bf4 Qb5 18. Be5 Ne4 19. Bxg7 Kxg7 20. Qe1 Rac8
21. c3 Rc7 22. Rf2 Rcf7 23. Qe2 Qb6 24. Rff1 Rf5 25. Rad1 g5 26. a4 a5 27. Qb5
Qxb5 28. axb5 g4 29. Ne5 Rf2 30. Rb1 h5 31. Nd7 Rxf1+ 32. Rxf1 Rd8 33. Ne5 Nd6
34. b6 Ra8 35. Nd3 Ra6 36. Ra1 Rxb6 37. Rxa5 Nc4 38. Ra2 Nd6 39. Nc5 Kf7 40. b4
Nb5 41. Rc2 Rc6 42. Nxb7 Rxc3 43. Rxc3 Nxc3 44. Kf2 Nb5 45. Ke3 Kf6 46. Nc5 Kf5
47. Nd3 Na3 48. Ne1 Nb5 49. g3 Na3 50. Kd3 Nb5 51. Ng2 Nd6 52. Ne3+ Kg5 53. Nd1
h4 54. Nc3 hxg3 55. hxg3 Kf5 56. b5 e5 57. dxe5 Kxe5 58. b6 Nb7 59. Na4 Kd6 60.
Kd4 Kc6 61. Ke5 Kb5 62. Nc3+ Kxb6 63. Nxd5+ Kc6 64. Nf6 Nc5 65. Nxg4 Kd7 66.
Nf6+ Ke7 67. g4 Ne6 68. Kf5 Kf7 69. Nh5 Nd4+ 70. Kg5 Nf3+ 71. Kh6 Kg8 72. Nf6+
Kh8 73. Nd7 Kg8 74. Kg6 Nh2 75. Nf6+ Kh8 76. g5 Nf3 77. Kh6 Nxg5 78. Kxg5
1/2-1/2

[Event "4NCL Division 1d"]
[Site "Telford, ENG"]
[Date "2019.03.17"]
[Round "8.65"]
[White "Willow, Jonah B"]
[Black "Oswald, Graeme E"]
[Result "1-0"]
[WhiteElo "2290"]
[BlackElo "2151"]
[PlyCount "75"]
[EventDate "2019.03.17"]
[WhiteTeam "Wood Green Monarchs"]
[BlackTeam "North East England"]

1. e4 c5 2. Nf3 d6 3. d4 cxd4 4. Qxd4 a6 5. c4 Nf6 6. h3 e6 7. Be2 Be7 8. O-O
O-O 9. Nc3 Nbd7 10. Be3 b6 11. b4 Bb7 12. Rfc1 Rc8 13. Nd2 Qc7 14. a4 Qb8 15.
Nb3 Ba8 16. Rab1 Ne5 17. a5 Nfd7 18. f4 Nc6 19. Qd2 Nxb4 20. axb6 Nxb6 21. Na5
d5 22. c5 Nc4 23. Bxc4 dxc4 24. Na4 Bd8 25. Nxc4 a5 26. Nd6 Rc6 27. Nb2 Qc7 28.
Nbc4 Rxc5 29. Bxc5 Qxc5+ 30. Kh1 Qh5 31. Ne5 Be7 32. Nd7 Rd8 33. Rc8 g5 34.
Rxd8+ Bxd8 35. Ne5 f6 36. Ng4 gxf4 37. Nc8 Qe8 38. Rd1 1-0

[Event "4NCL Division 1d"]
[Site "Telford, ENG"]
[Date "2019.03.17"]
[Round "8.66"]
[White "Dargan, Paul A G"]
[Black "Serbanescu, Diana-Maria"]
[Result "1-0"]
[WhiteElo "2170"]
[BlackElo "2002"]
[PlyCount "95"]
[EventDate "2019.03.17"]
[WhiteTeam "North East England"]
[BlackTeam "Wood Green Monarchs"]

1. e4 d6 2. d4 Nf6 3. Nc3 e5 4. Nf3 Nbd7 5. Bc4 Be7 6. a4 O-O 7. O-O c6 8. h3
b6 9. Qe2 a6 10. Rd1 Qc7 11. Be3 exd4 12. Nxd4 Ne5 13. Ba2 c5 14. Nf5 Be6 15.
Nxe7+ Qxe7 16. Bg5 h6 17. Bxf6 gxf6 18. Bd5 Ra7 19. Qh5 Kh7 20. f4 Nc4 21. Qe2
Na5 22. Re1 Rg8 23. Kh2 Bd7 24. Rad1 Nc6 25. Bxc6 Bxc6 26. Qd3 f5 27. Nd5 Bxd5
28. Qxd5 fxe4 29. Rxe4 Qh4 30. Rd2 Qg3+ 31. Kh1 Rg6 32. Qf5 b5 33. Ree2 Kg7 34.
Rd3 Qh4 35. g3 Qd8 36. axb5 axb5 37. Kh2 Re7 38. Red2 Qb6 39. Rd5 Rge6 40. Qg4+
Rg6 41. Qf3 Rge6 42. f5 Rf6 43. Qg4+ Kh7 44. Qh4 Kg7 45. g4 Re5 46. g5 Rfxf5
47. Qxh6+ Kg8 48. Rxd6 1-0

[Event "4NCL Division 1d"]
[Site "Telford, ENG"]
[Date "2019.03.17"]
[Round "8.67"]
[White "Guha, Chirag"]
[Black "Izod, Chris"]
[Result "1-0"]
[WhiteElo "2057"]
[BlackElo "2065"]
[PlyCount "67"]
[EventDate "2019.03.17"]
[WhiteTeam "Wood Green Monarchs"]
[BlackTeam "North East England"]

1. d4 Nf6 2. c4 e6 3. g3 d5 4. Nf3 Be7 5. Bg2 O-O 6. O-O dxc4 7. Qc2 b6 8. Ne5
Nd5 9. Nxc4 Bb7 10. a3 c5 11. e4 Nf6 12. dxc5 Bxc5 13. Rd1 Qc8 14. b4 Be7 15.
Bb2 Nbd7 16. Nbd2 Qc6 17. Rac1 Rac8 18. Qb3 Qb5 19. e5 Nd5 20. Bf1 Nb8 21. Nd6
Qd7 22. Nxc8 Rxc8 23. Rxc8+ Qxc8 24. Bg2 h5 25. h4 Nc6 26. Nc4 Qb8 27. Ne3 Nxe5
28. Nxd5 exd5 29. Bxd5 Bxd5 30. Qxd5 Bf6 31. Bxe5 Bxe5 32. Qd8+ Qxd8 33. Rxd8+
Kh7 34. Ra8 1-0

[Event "4NCL Division 1d"]
[Site "Telford, ENG"]
[Date "2019.03.17"]
[Round "8.68"]
[White "Smith, Lynda"]
[Black "Woodhouse, Stephen V"]
[Result "0-1"]
[WhiteElo "1960"]
[BlackElo "1847"]
[PlyCount "88"]
[EventDate "2019.03.17"]
[WhiteTeam "North East England"]
[BlackTeam "Wood Green Monarchs"]

1. e4 e6 2. d3 d5 3. Nd2 c5 4. Ngf3 Nc6 5. g3 Nf6 6. Bg2 Be7 7. O-O O-O 8. Re1
Qc7 9. c3 b5 10. Nf1 dxe4 11. dxe4 Bb7 12. Qc2 Rad8 13. h3 Nd7 14. Bf4 Bd6 15.
Bxd6 Qxd6 16. Ng5 Qe7 17. f4 h6 18. Nf3 c4 19. Red1 Nc5 20. Ne1 Rxd1 21. Rxd1
Rd8 22. Ne3 Rxd1 23. Nxd1 e5 24. Ne3 exf4 25. gxf4 Qh4 26. Qf2 Qxf2+ 27. Kxf2
Ne7 28. e5 Bxg2 29. Kxg2 Kf8 30. Kf3 Ke8 31. f5 Kd7 32. f6 gxf6 33. exf6 Ng8
34. Nf5 a6 35. Nc2 Ke6 36. Ncd4+ Kxf6 37. b3 cxb3 38. axb3 Nxb3 39. Ke4 Nxd4
40. Nxd4 Ne7 41. Nf3 Ke6 42. Kd4 Kd6 43. c4 Nc6+ 44. Kc3 bxc4 0-1

[Event "4NCL Division 1d"]
[Site "Telford, ENG"]
[Date "2019.03.17"]
[Round "8.71"]
[White "Kulon, Klaudia"]
[Black "Gheorghiu, Calin"]
[Result "0-1"]
[WhiteElo "2358"]
[BlackElo "2327"]
[PlyCount "80"]
[EventDate "2019.03.17"]
[WhiteTeam "Celtic Tigers 1"]
[BlackTeam "Oxford 1"]

1. e4 e5 2. Nf3 Nc6 3. Bc4 Bc5 4. c3 Nf6 5. d3 O-O 6. O-O d5 7. exd5 Nxd5 8. b4
Be7 9. Re1 Bf6 10. Ba3 Re8 11. Nbd2 a6 12. Ne4 Be6 13. Bb2 Nf4 14. Bxe6 Rxe6
15. Re3 Be7 16. a4 b5 17. g3 Nd5 18. Re1 h6 19. axb5 axb5 20. Rxa8 Qxa8 21. Qb3
Nb6 22. Nc5 Bxc5 23. bxc5 Qa4 24. Nd2 Na5 25. Qa3 Qc2 26. cxb6 Qxd2 27. Qa1
cxb6 28. Qb1 Rf6 29. Rf1 Nb3 30. c4 Qe2 31. Bc3 bxc4 32. dxc4 Nd4 33. c5 bxc5
34. Ba5 Qf3 35. h3 Ne2+ 36. Kh2 Nxg3 37. Rg1 Qxf2+ 38. Rg2 Nf1+ 39. Kh1 Qf3 40.
Kg1 Ne3 0-1

[Event "4NCL Division 1d"]
[Site "Telford, ENG"]
[Date "2019.03.17"]
[Round "8.72"]
[White "Zakarian, David"]
[Black "Reimanis, Ritvars"]
[Result "0-1"]
[WhiteElo "2351"]
[BlackElo "2330"]
[PlyCount "106"]
[EventDate "2019.03.17"]
[WhiteTeam "Oxford 1"]
[BlackTeam "Celtic Tigers 1"]

1. e4 c5 2. Nf3 Nc6 3. Bb5 g6 4. O-O Bg7 5. c3 d6 6. d4 cxd4 7. cxd4 a6 8. Bc4
Nf6 9. d5 Nb8 10. Nc3 Bg4 11. h3 Bxf3 12. Qxf3 Nbd7 13. Qe2 b5 14. Bd3 O-O 15.
a4 b4 16. Na2 a5 17. Be3 Ne5 18. Nc1 Nxd3 19. Qxd3 Nd7 20. Qe2 f5 21. exf5 Rxf5
22. Nd3 Qf8 23. Rac1 Nf6 24. Nf4 Nxd5 25. Nxd5 Rxd5 26. Rc7 Rf5 27. Rfc1 Qe8
28. Qc4+ d5 29. Qb3 e6 30. Bb6 Rf7 31. R7c6 Bc3 32. R1xc3 bxc3 33. Qxc3 Rf8 34.
Rc7 Rf7 35. Bd4 h5 36. Rc6 Kh7 37. Rb6 Rc8 38. Qe3 Rc6 39. Rb3 Qc8 40. Qg5 Rc4
41. Rg3 Qg8 42. Bc3 Rxa4 43. Qd2 d4 44. Bxa5 Rf5 45. Rb3 Qf7 46. Bb6 Ra1+ 47.
Kh2 e5 48. Rb5 Rxf2 49. Qg5 Rxg2+ 50. Kxg2 Qf1+ 51. Kg3 Qg1+ 52. Kh4 Qf2+ 53.
Qg3 g5+ 0-1

[Event "4NCL Division 1d"]
[Site "Telford, ENG"]
[Date "2019.03.17"]
[Round "8.73"]
[White "Hoffmann, Hendrik"]
[Black "Stork, Oliver"]
[Result "1-0"]
[WhiteElo "2239"]
[BlackElo "2209"]
[PlyCount "131"]
[EventDate "2019.03.17"]
[WhiteTeam "Celtic Tigers 1"]
[BlackTeam "Oxford 1"]

1. e4 c6 2. d4 d5 3. exd5 cxd5 4. Bd3 Nc6 5. c3 Qc7 6. Ne2 Bg4 7. O-O e6 8. Qe1
Bd6 9. f3 Bf5 10. Bxf5 exf5 11. Bf4 Nge7 12. Qg3 O-O-O 13. Na3 a6 14. Rae1 h5
15. Bxd6 Rxd6 16. Nf4 Rdd8 17. Nd3 Qxg3 18. hxg3 Ng6 19. Nc2 h4 20. Ne3 Nce7
21. gxh4 f4 22. Ng4 Nf5 23. Kf2 Rxh4 24. Rh1 f6 25. Rxh4 Nfxh4 26. Re6 Nf5 27.
Nc5 Nf8 28. Re1 a5 29. Nd3 Ng6 30. Kg1 b6 31. Ngf2 Rh8 32. Nh3 Rh4 33. Kf2 Kd7
34. a4 Nfe7 35. b4 axb4 36. Nxb4 Nf8 37. Nxf4 Kd6 38. Nfd3 Ne6 39. Rb1 Rh8 40.
Na6 Kc6 41. Rb5 Ra8 42. Ndb4+ Kb7 43. Nc5+ Nxc5 44. dxc5 Rxa4 45. Rxb6+ Kc7 46.
Re6 Kd7 47. Rd6+ Kc7 48. Ke2 Ra5 49. Re6 Nc8 50. c6 Kb6 51. Re8 Na7 52. Rb8+
Kc7 53. Rb7+ Kd6 54. Rd7+ Ke6 55. Rxg7 Nc8 56. Rd7 Rc5 57. Kd3 Nd6 58. Rd8 Nf5
59. g4 Ne7 60. Kd2 Rc4 61. Rb8 Ng6 62. c7 Rxc7 63. Rb6+ Kf7 64. Rxf6+ Kg7 65.
Rf5 Ne7 66. Rg5+ 1-0

[Event "4NCL Division 1d"]
[Site "Telford, ENG"]
[Date "2019.03.17"]
[Round "8.75"]
[White "Maciol, Ryszard"]
[Black "Manley, Jon P"]
[Result "1/2-1/2"]
[WhiteElo "2169"]
[BlackElo "2173"]
[PlyCount "45"]
[EventDate "2019.03.17"]
[WhiteTeam "Celtic Tigers 1"]
[BlackTeam "Oxford 1"]

1. d4 d5 2. c4 dxc4 3. Nf3 e6 4. e3 a6 5. Bxc4 c5 6. O-O Nf6 7. Nc3 b5 8. Bb3
Bb7 9. Qe2 Nbd7 10. Rd1 Qb8 11. a3 Bd6 12. h3 O-O 13. e4 e5 14. dxe5 Nxe5 15.
Bg5 Nxf3+ 16. Qxf3 Be5 17. Bxf6 Bxf6 18. Bd5 Bd4 19. Rd2 Ra7 20. Ne2 Be5 21.
Qe3 Bxd5 22. exd5 Bd6 23. Qf3 1/2-1/2

[Event "4NCL Division 1d"]
[Site "Telford, ENG"]
[Date "2019.03.17"]
[Round "8.76"]
[White "Hansen, Hans-Peter"]
[Black "Pedersen, Carsten"]
[Result "1/2-1/2"]
[WhiteElo "2177"]
[BlackElo "2123"]
[PlyCount "35"]
[EventDate "2019.03.17"]
[WhiteTeam "Oxford 1"]
[BlackTeam "Celtic Tigers 1"]

1. Nf3 Nf6 2. c4 e6 3. g3 b6 4. Bg2 Bb7 5. O-O Be7 6. Nc3 O-O 7. Re1 d5 8. cxd5
exd5 9. d4 Nbd7 10. Bf4 Nh5 11. Be3 c6 12. Rc1 f5 13. Qd3 Bd6 14. Bd2 g6 15.
Bh6 Re8 16. Ng5 Ndf6 17. Nh3 Qd7 18. Nf4 1/2-1/2

[Event "4NCL Division 1d"]
[Site "Telford, ENG"]
[Date "2019.03.17"]
[Round "8.77"]
[White "Evans, Craig"]
[Black "Dickinson, Tim R"]
[Result "1/2-1/2"]
[WhiteElo "2000"]
[BlackElo "2047"]
[PlyCount "43"]
[EventDate "2019.03.17"]
[WhiteTeam "Celtic Tigers 1"]
[BlackTeam "Oxford 1"]

1. d4 e6 2. e4 d5 3. Nc3 Nf6 4. Bg5 Be7 5. e5 Nfd7 6. h4 h6 7. Bxe7 Qxe7 8. Qg4
O-O 9. f4 f5 10. Qh3 c5 11. Nf3 Nc6 12. O-O-O cxd4 13. Nxd4 Nc5 14. Be2 Nxd4
15. Rxd4 Bd7 16. Qe3 Ne4 17. Nxe4 fxe4 18. g4 Rf7 19. g5 Raf8 20. Rf1 hxg5 21.
hxg5 g6 22. Rd2 1/2-1/2

[Event "4NCL Division 1d"]
[Site "Telford, ENG"]
[Date "2019.03.17"]
[Round "8.78"]
[White "Matta, Francesca"]
[Black "Larter, Nick J"]
[Result "1-0"]
[WhiteElo "1916"]
[BlackElo "1952"]
[PlyCount "53"]
[EventDate "2019.03.17"]
[WhiteTeam "Oxford 1"]
[BlackTeam "Celtic Tigers 1"]

1. d4 e6 2. e4 d5 3. Nd2 dxe4 4. Nxe4 Qd5 5. Bd3 Nf6 6. Nxf6+ gxf6 7. Qg4 Nc6
8. Be4 Rg8 9. Qf3 Qb5 10. Ne2 Bd7 11. Bxh7 Rg7 12. Bd3 Qb6 13. c3 O-O-O 14.
Qxf6 Rxg2 15. Ng3 e5 16. Kf1 Be6 17. Kxg2 exd4 18. Bf5 Bxf5 19. Qxf5+ Kb8 20.
Bg5 Rc8 21. Rab1 Qa6 22. Rhd1 dxc3 23. bxc3 Qxa2 24. Rxb7+ Kxb7 25. Qb5+ Ka8
26. Qxc6+ Kb8 27. Qb5+ 1-0

[Event "4NCL Division 1d"]
[Site "Telford, ENG"]
[Date "2019.03.17"]
[Round "8.81"]
[White "Gordon, Stephen J"]
[Black "Rudd, Jack"]
[Result "1-0"]
[WhiteElo "2533"]
[BlackElo "2250"]
[PlyCount "49"]
[EventDate "2019.03.17"]
[WhiteTeam "3Cs 1"]
[BlackTeam "West is Best 1"]

1. c4 c5 2. Nf3 Nc6 3. Nc3 g6 4. e3 Bg7 5. d4 cxd4 6. exd4 d6 7. d5 Ne5 8. Nxe5
Bxe5 9. Be2 Bg7 10. O-O Nh6 11. g4 f5 12. g5 Nf7 13. f4 h6 14. h4 Qb6+ 15. Kg2
Bd7 16. Qd3 O-O-O 17. Nb5 hxg5 18. Be3 Qa6 19. hxg5 e5 20. dxe6 Bxe6 21. Bf3
Rh4 22. Qb3 Nxg5 23. fxg5 Bxc4 24. Rac1 d5 25. Bxd5 1-0

[Event "4NCL Division 1d"]
[Site "Telford, ENG"]
[Date "2019.03.17"]
[Round "8.82"]
[White "Rees, Ioan"]
[Black "Haug, Johannes"]
[Result "0-1"]
[WhiteElo "2291"]
[BlackElo "2406"]
[PlyCount "74"]
[EventDate "2019.03.17"]
[WhiteTeam "West is Best 1"]
[BlackTeam "3Cs 1"]

1. c4 e5 2. g3 c6 3. d4 e4 4. Nc3 d5 5. Bg2 Bb4 6. Qb3 a5 7. cxd5 cxd5 8. Nh3
Nc6 9. Be3 a4 10. Qc2 a3 11. O-O Qa5 12. Nxd5 Qxd5 13. Nf4 Qd6 14. bxa3 Rxa3
15. Qxe4+ Nge7 16. d5 Bf5 17. Qc4 Na5 18. Qd4 O-O 19. Bc1 Bc3 20. Bxa3 Qxa3 21.
Qb6 Nc8 22. Qc7 Bxa1 23. Rxa1 Nd6 24. Re1 Nac4 25. h3 Qc3 26. Rf1 Qe5 27. Qc5
g5 28. Nd3 Qxe2 29. Nc1 Qb2 30. Nb3 Qxa2 31. Nd4 Qa5 32. Qxa5 Nxa5 33. Ra1 Nac4
34. Ra4 Bd7 35. Rb4 Ra8 36. Bf1 Ra1 37. Kg2 Bxh3+ 0-1

[Event "4NCL Division 1d"]
[Site "Telford, ENG"]
[Date "2019.03.17"]
[Round "8.83"]
[White "Ashton, Adam G"]
[Black "Toma, Katarzyna"]
[Result "1/2-1/2"]
[WhiteElo "2319"]
[BlackElo "2202"]
[PlyCount "88"]
[EventDate "2019.03.17"]
[WhiteTeam "3Cs 1"]
[BlackTeam "West is Best 1"]

1. e4 c5 2. Nf3 Nc6 3. Bb5 g6 4. Bxc6 dxc6 5. d3 Bg7 6. h3 e5 7. O-O Qe7 8. a3
Nf6 9. Nbd2 O-O 10. b4 Rd8 11. Bb2 Nh5 12. Nc4 f6 13. bxc5 Qxc5 14. a4 Qe7 15.
Nfd2 Be6 16. Qf3 Nf4 17. Rfb1 Qc7 18. a5 Rab8 19. Ba3 b5 20. axb6 axb6 21. Bb2
Bf8 22. Ba3 b5 23. Bxf8 Rxf8 24. Ne3 Ra8 25. h4 Ra5 26. g3 Nh5 27. Qd1 Rfa8 28.
Nb3 Ra2 29. Nc5 Qa7 30. Nxe6 Rxa1 31. Kh2 Rxb1 32. Qxb1 Qe7 33. Qb3 Ra3 34. Qb2
b4 35. g4 Nf4 36. Nxf4 exf4 37. Nc4 Ra8 38. Nd2 Qc5 39. Qb3+ Kg7 40. Kg2 Qc3
41. Qe6 Qxd2 42. Qe7+ Kg8 43. Qe6+ Kg7 44. Qe7+ Kg8 1/2-1/2

[Event "4NCL Division 1d"]
[Site "Telford, ENG"]
[Date "2019.03.17"]
[Round "8.84"]
[White "Cooper, John G"]
[Black "Abbas, Daniel"]
[Result "1/2-1/2"]
[WhiteElo "2256"]
[BlackElo "2260"]
[PlyCount "76"]
[EventDate "2019.03.17"]
[WhiteTeam "West is Best 1"]
[BlackTeam "3Cs 1"]

1. c4 c5 2. g3 Nc6 3. Bg2 g6 4. Nc3 Bg7 5. Nf3 e5 6. O-O Nge7 7. a3 a5 8. Ne1
d6 9. Nc2 Be6 10. Ne3 O-O 11. Ned5 Rb8 12. d3 h6 13. Rb1 b6 14. b4 axb4 15.
axb4 Bxd5 16. Nxd5 Nxd5 17. cxd5 Nxb4 18. Bd2 Na6 19. Qa4 Qc8 20. Rb3 Nb4 21.
Qb5 Qe8 22. Qxe8 Rfxe8 23. Rc1 Bf8 24. Bxb4 cxb4 25. Rxb4 Rec8 26. Rc6 Be7 27.
Bh3 Rd8 28. Rbxb6 Rxb6 29. Rxb6 Ra8 30. Rb7 Kf8 31. Bd7 Ra2 32. Kf1 h5 33. h3
Ra5 34. Bc6 Ra2 35. Rb8+ Kg7 36. Rb7 Kf8 37. Rb8+ Kg7 38. Rb7 Kf8 1/2-1/2